00890ntm a22002297a 450000500170000000800410001704000280005808200170008610000240010324500550012726000120018230000360019450001790023059000220040965000400043165300230047165500090049470000310050394200080053499900170054295201010055920170808151813.0170802n xx a frb 000 0 eng d aEG-ScBUEbengcEG-ScBUE04222a624bHAL1 aHelmy, Ahmed Magdy.10aCantilever retaining wall /cby Ahmed Magdy Helmy. c[200?]. a20 p. :bill. (col.) ;c28 cm.  aA dissertation submitted to the faculty of engineering the British university in Egypt in partial fulfillment of the requirements for the bachelor degree in Civil Engineering aNOURA TARK KAMAL. 72BUEshaCivil Engineering.vProjects bENGCIVcAugust2017 vSPRO1 aAbdelsalam, Sherif S.eths 2ddc c25244d25216 00102ddc4070aMAINbMAINc2NDd2017-08-08l0o624 HALp000046602r2025-07-15 00:00:00yPROJST